The case of the missing motorcycles

Bibliographic Details
Main Author: Kumara Velu
Corporate Author: Title
Format: Book
Published: Selangor : Sama Publications and Distributors , 2006
Series:The young investigators mystery series
Subjects:

MARC

LEADER 00000cam a2200000 7i4500
001 0000001811
005 20151222.0
008 070709
020 |a 9833248756(set) 
020 |a 9833248799 
090 0 0 |a JF   |b AD ENG (1974) 
100 0 |a Kumara Velu 
245 1 4 |a The case of the missing motorcycles   |c Kumara Velu 
260 |a Selangor :   |b Sama Publications and Distributors ,   |c 2006 
440 4 |a The young investigators mystery series 
500 |a Children ages 7-9 years old (orange) 
650 0 |a Adventure 
650 0 |a Junior fiction   |x English   |x Languages 
710 0 |a Title 
999 |a 0000965057   |b Book   |c Children Collection   |e Cawangan Segamat 
999 |a 0000965058   |b Book   |c Children Collection   |e Perbadanan Perpustakaan Awam Johor 
999 |a 0000965059   |b Book   |c Children Collection   |e Perbadanan Perpustakaan Awam Johor 
999 |a 0001048293   |b Book   |c Children Collection   |e Cawangan Segamat 
999 |a 0001048295   |b Book   |c Children Collection   |e Cawangan Segamat